Encyklopédia automobilov
Saved in:
| Format: | Book |
|---|---|
| Language: | Slovak |
| Published: |
Bratislava :
GEMINI,
1994
|
| Tags: |
No Tags, Be the first to tag this record!
|
MARC
| LEADER | 00000nam a22000003a 4500 | ||
|---|---|---|---|
| 001 | stu32221 | ||
| 005 | 20150408162319.7 | ||
| 008 | 950425s1994----xo------------------slo-d | ||
| 020 | |a 80-7161-083-6 | ||
| 040 | |a STU |b slo | ||
| 041 | 0 | |a slo | |
| 044 | |a xo | ||
| 080 | |a 629.113/.114 |7 stu_us_auth*stu3206 | ||
| 245 | |a Encyklopédia automobilov | ||
| 260 | |a Bratislava : |b GEMINI, |c 1994 | ||
| 300 | |a 479 s | ||
| 996 | |b J91230 |c J*91230 |l JJSK |s A |a 24 |w stu32221_0001 | ||